000 00659nam a2200193 a 4500
001 20787
003 CO-ViMGA
008 141112s2004 ck r 000 u spa d
020 _a8448124448
040 _aCO-ViMGA
_bspa
_cCO-ViMGA
082 0 4 _a371.3 P665t
100 1 _aPoole, Bernard J.
_930058
245 1 0 _aTecnología Educativa :
_bEducar para la socio cultura de la comunicación y del conocimiento
260 _aEspaña :
_bMc Graw Hill,
_c1999
300 _a390p
590 _aForma de adquisición : Compra fact.0541 - - Precio : 78000 - - Proveedor : Temas y libros - - Fecha de adquisición : Mayo 2006
650 1 4 _aeducación
942 _2ddc
_cBK
999 _c29741
_d29741